Lana Del Rey songs by synonyms - Statistics

General Stats
  • This quiz has been taken 48 times
  • The average score is 7 of 15
Answer Stats
Synonym Answer % Correct
Melancholy Woman Sad Girl
90%
Divinities and Beasts Gods and Monsters
73%
Weapons and Blooms Guns and Roses
73%
Ways to Vanish How to Disappear
73%
Born in the U.S.A. American
58%
Inherited Wealth Old Money
58%
Faith Religion
58%
Breathing Myth Living Legend
50%
Shadowed Heaven Dark Paradise
45%
Transformation Change
43%
Welcome the Glow Let the Light In
30%
Drowning in Emotion In My Feelings
20%
Twisted Play Dark but Just a Game
18%
Airwaves Radio
15%
Alone Again Without You
3%
No matching quizzes found
Score Distribution
Percent of People with Each Score
Percentile by Number Answered
Your Score History
You have not taken this quiz